00763nam a2200205 i 450000100100000000500170001000800410002704000250006808200190009310000320011224500890014426000560023330000280028950400300031750000200034765000350036765000220040295201200042499900130054400000092420260511093550.0750326s1965 inua b 001 0 eng  aDO-SdBNPbspacBNPHU a616.362bL487e1 aLeevy, Carroll Moton.9326510aEvaluation of liver function in clinical practice /c[prepared by Carroll M. Leevy]. aIndianapolis :bLilly Research Laboratories,c1965. a162 p. :bil. ;c27 cm. aBibliography: p. 150-152. aIncludes index. 0aEnfermedades hepáticas93266 4aDiagnostico93267 0010758DSaBNPHUbBNPHUcCTd2009-06-12iLF1l0o616.362 L487ep924-10r2020-06-25w2020-06-25yLF1ZNo se presta c915d915